Les Héros de Warhammer 40.000 - Statistiques

Statistiques générales
  • Ce quiz a été pris 147 fois
  • Le résultat moyen est 9 sur 28
Statistiques - réponses
Par images Réponse % Correct
Roboute Guilliman
90%
Mortarion
89%
Fulgrim
76%
Lucius l'éternel
72%
Kharn le félon
70%
Commissaire Yarrick
58%
Trazyn l'infini
53%
Commandeur Shadowsun
39%
Belisarius Cawl
36%
Maugan Ra
35%
Morvenn Vahl
35%
Cato Sicarius
28%
Ragnar Crinière noire
27%
Pedro Kantor
25%
Ibram Gaunt
24%
Cypher
22%
Trajann Valoris
18%
Jain Zar
17%
Canis Rex
15%
Ghazkull Thraka
15%
Illuminor Szeras
13%
Malkaan Feirros
11%
Adrax Agatone
7%
Lelith Hesperax
7%
Lazarus
5%
Shalaxi Helbane
5%
Harkeen Wordclaimer
4%
Mozrog Skragbad
4%
Aucun quiz correspondant
Distribution des résultats
% des personnes avec chaque résultat
Percentile par nombre de réponses
Votre historique - résultats
Vous n’avez pas pris ce quiz